| 000 | nkm a22 a 4500 | ||
|---|---|---|---|
| 999 |
_c208259 _d208259 |
||
| 003 | BLK | ||
| 005 | 20210211152805.0 | ||
| 008 | 180412b bul rap|r|||| r0| ||bulo| | ||
| 010 | _aKNG00014760000 | ||
| 020 | _a954-90155-1-3 | ||
| 040 | _aBLK | ||
| 041 |
_aBUL _cBUL |
||
| 080 |
_aПриложно изкуство. Художествени занаяти. Интериор. Дизайн. Играчки. Худож. пространствено оформление _b745/749 _x(497.2)(084) _z745/749(497.2)(084) |
||
| 139 |
_aНационален дворец на култура - пластически изкуства _bН 33 |
||
| 245 | 1 | 0 |
_aНационален дворец на културата - пластически изкуства _bСтенопис, скулптура, мозайка, металопластика, дърворезба, гоблен : [Албум] |
| 257 | _aBGR | ||
| 260 |
_aСофия _bНац. дворец на културата _c1996 |
||
| 300 |
_a168 с. _bс ил. _c30 см |
||
| 380 | _a7 | ||
| 500 | _aДеп. списък: 42 Други авт. на текста : Св. Русев, П. Първанов ; 1 965 тир Геогр. руб.: България | ||
| 650 | 4 |
_aПриложно и декоративно изкуство, българско - албуми _9343730 |
|
| 651 | 4 |
_aБългария _9241624 |
|
| 653 | _aприложни изкуства | ||
| 653 | _aдекоративно изкуство | ||
| 653 | _aБългария | ||
| 852 | _aЦб II 27017 | ||
| 856 | 4 |
_qpdf _u |
|
| 856 | 4 |
_qpdf _u |
|
| 942 |
_cGRA _n0 _s1 |
||
| 944 |
_aCR _c15.01.2003 _kИрена_Линкова |
||
| 944 |
_aED _c31.05.2012 |
||
| 999 | _d208259 | ||